00948naa#a2200193#i#4500001001600000005001700016011001400033100004100047102000700088200023900095210011900334215001000453608004500463675004800508700006200556700005200618700006000670856002400730RU\\bibl\12177020260512215829.2##a2658-638X##a20251215b2025####ek#y0rusy0150####ca##aRU1#aИсследование психологических особенностей межэтнической коммуникации в деятельности сотрудников полицииeЖурнальная статья1#aМоскваcМосковский университет МВД России имени В.Я. Кикотяd2025##a3 с.##aЖурнальная статья2local##aФилософия. Психология. 1#1aЕфимкинаgНадежда Владимировна#1aБалашоваgВера Алексеевна#1aКаримовgАкмалжон Азизжонович4#amosumvd.editorum.ru